| 000 | 00529nam a22001931a 4500 | ||
|---|---|---|---|
| 001 | 12379 | ||
| 003 | OSt | ||
| 005 | 20260204212324.0 | ||
| 008 | 150630s1995||||-us||||||b||||||||||spa|| | ||
| 020 | _a0131774034 | ||
| 082 | _a624.151 R341e | ||
| 100 | _aRhon, Perry H. | ||
| 245 | _aEngineering Geology : onenruronmental oproch / Pery H., Rhon | ||
| 250 | _a2 | ||
| 264 | _aEstados Unidos de América : Prentice-hall | ||
| 300 | _a657 p. | ||
| 650 | _aINGENIERIA GEOLOGICA 2.INGENIERO DE MEDIO AMBIENTEÌ | ||
| 942 |
_2ddc _cBK |
||
| 999 |
_c12379 _d12379 |
||